| 000 -LEADER |
| fixed length control field |
01489nam a2200265Ia 4500 |
| 001 - CONTROL NUMBER |
| control field |
17692 |
| 003 - CONTROL NUMBER IDENTIFIER |
| control field |
GE_BSU |
| 008 - FIXED-LENGTH DATA ELEMENTS--GENERAL INFORMATION |
| fixed length control field |
181216s||||||||xx |||||||||||||| ||und|| |
| 020 ## - INTERNATIONAL STANDARD BOOK NUMBER |
| International Standard Book Number |
9789941455759 |
| 040 ## - CATALOGING SOURCE |
| Transcribing agency |
GE_BSU |
| 080 ## - UNIVERSAL DECIMAL CLASSIFICATION NUMBER |
| Universal Decimal Classification number |
581.526(075.8)+630 |
| 100 ## - MAIN ENTRY--PERSONAL NAME |
| Personal name |
ტყავაძე,მ., კილაძე,რ.,გუბელაძე,ე. |
| 245 ## - TITLE STATEMENT |
| Title |
დეკორაციული დენდროლოგია. წ.2. ნაწ.1 |
| 245 ## - TITLE STATEMENT |
| Remainder of title |
(ფარულთესლოვან მერქნიან მცენარეთა სისტემატიკა და დახასიათება) |
| 245 ## - TITLE STATEMENT |
| Statement of responsibility, etc. |
რედ.მ.კურდღელია., მხარვ.-გამფორმებ. ა.ყუფარაძე |
| 260 ## - PUBLICATION, DISTRIBUTION, ETC. |
| Place of publication, distribution, etc. |
ქუთაისი |
| 260 ## - PUBLICATION, DISTRIBUTION, ETC. |
| Name of publisher, distributor, etc. |
აკაკი წერეთლის სახ. უნ-ტი |
| 260 ## - PUBLICATION, DISTRIBUTION, ETC. |
| Date of publication, distribution, etc. |
2014 |
| 300 ## - PHYSICAL DESCRIPTION |
| Extent |
256გვ.28სმ. |
| 300 ## - PHYSICAL DESCRIPTION |
| Accompanying material |
მცენარ.ქართ.სახელწ. საძიებ.:გვ.241-243. მცენარ ლათინ.სახელწ. საძიებ.:გვ.244-246. ბიბლიოგრ.247-248 |
| 653 ## - INDEX TERM--UNCONTROLLED |
| Uncontrolled term |
ბოტანიკა |
| 653 ## - INDEX TERM--UNCONTROLLED |
| Uncontrolled term |
დეკორაციული დენდროლოგია |
| 653 ## - INDEX TERM--UNCONTROLLED |
| Uncontrolled term |
ფარულთესლოვან მერქნიან მცენარეთა სისტემატიკა და დახასიათება |
| 942 ## - ADDED ENTRY ELEMENTS (KOHA) |
| Koha item type |
წიგნი |